000 00492cam a2200181ua 4500
003 OSt
008 250101b |||||||| |||| 00| 0 eng d
041 _aeng
082 _a621.37
_bDIS/FE
100 _aDiStefano, Joseph J .
_96697
245 _aFeedback and control systems /
250 _a2 /
260 _aNew Delhi :
_bTata Mc-Graw Hill Publishing Company ,
_c2007.
300 _a ; .
700 1 _aStubberud, Allen R .
_96698
700 1 _aWilliams, Evan J .
_96699
942 _cBK
999 _c13136
_d13136